• 首页
  • 本馆介绍
  • 公告通知
  • 最新文献
  • 馆藏检索
  • 电子资源
  • 读者导购
  • 参考咨询
  • 我的图书馆
  • 登录
  • 详细信息显示
  • 放入我的书架
  • 预约/预借图书
  • 作者相关作品
  • 分类相关作品
  • 丛书相关作品
  • 出版社相关作品

书目信息

  • 表格格式
  • 工作单格式
  • 卡片格式
题名:
《楚辞》笔记
    
 
作者: 张炜 著
分册:  
出版信息: 北京   中华书局  2019
页数: 378页
开本: 21cm
丛书名:
单 册:
中图分类: I207.223
科图分类:
主题词: 楚辞研究--chu ci yan jiu
电子资源:
ISBN: 978-7-101-13743-9
000 00750nam0 2200229 450
001 2131060014
005 20211029202829.0
010    @a978-7-101-13743-9@dCNY48.00
100    @a20190521d2019 em y0chiy0120 ea
101 0  @achi
102    @aCN@b110000
105    @aa z 000yy
106    @ar
200 1  @a《楚辞》笔记@Achu ci bi ji@e增订本@f张炜著
210    @a北京@c中华书局@d2019
215    @a378页@c照片@d21cm
330    @a本书分为上、下两篇,上篇二十一个专题,包括“战国的激荡”“瑰丽的南国”“诗与思的保育中心”等;下篇还原了众人熟知并不真知的屈原形象。
606 0  @a楚辞研究@Achu ci yan jiu
690    @aI207.223@v5
701  0 @a张炜@Azhang wei@f(1956.11~)@4著
801  0 @aCN@b百万庄@c20211029
905    @b1313627-630@dI207.223@e1453@f4
    
    《楚辞》笔记:增订本/张炜著.-北京:中华书局,2019
    378页:照片;21cm
    
    
    ISBN 978-7-101-13743-9:CNY48.00
    本书分为上、下两篇,上篇二十一个专题,包括“战国的激荡”“瑰丽的南国”“诗与思的保育中心”等;下篇还原了众人熟知并不真知的屈原形象。
●
相关链接 在E读中查询图书 在五车中查询图书 在当当中查询图书 在豆瓣中查询图书


正题名:《楚辞》笔记     索取号:I207.223/1453         预约/预借

序号 登录号 条形码 馆藏地/架位号 状态 备注
1 1313627   213136275   第一样本阅览室/ [索取号:I207.223/1453] 在馆    
2 1313628   213136284   第二借阅区/ [索取号:I207.223/1453] 在馆    
3 1313629   213136293   第二借阅区/ [索取号:I207.223/1453] 在馆    
4 1313630   213136300   第二借阅区/ [索取号:I207.223/1453] 在馆    
唐山师范学院图书馆 欢迎您!
大连网信软件有限公司© 版权所有